| 000 | 00927cam a2200205 4500 | ||
|---|---|---|---|
| 001 | WB3824-14 | ||
| 008 | 020702n2002 000 0 eng u | ||
| 035 | _a(Sirsi) u118630 | ||
| 245 | _aNew concessions over rents | ||
| 260 | _c2002 | ||
| 490 |
_aInside Housing _v28 June 2002, 1(1) |
||
| 520 | _aUnder plans to reform social housing rents, government will compensate councils in high-value areas for revenue lost through caps imposed by rent restructuring. In another concession, government has ruled out a proposal that would have made it mandatory for councils to list rents and service charges separately. Further information on social housing rent reforms available at http://www.housing.odpm.gov.uk/information/index19.htm | ||
| 590 | _aWB | ||
| 650 | _aRENT REFORM | ||
| 650 | _aLOCAL AUTHORITIES | ||
| 650 | _aCOUNCIL RENTS | ||
| 650 | _aSOCIAL HOUSING | ||
| 690 |
_aAffordable housing _96215 |
||
| 942 | _n0 | ||
| 999 |
_c70644 _d70644 |
||